000 nam a22 a 4500
999 _c1116
_d1116
003 AKMAL
005 20170508141145.0
008 170505s2003 my 00 may d
020 _a9839422510 (kkt.):
_cRM14.50
040 _aAKMAL
082 0 4 _a297.4 HAM
090 0 0 _a297.4
_bHAM
100 0 _aHamka,
_d1908-1981
_91638
245 1 0 _aRenungan tasawuf :
_bmanisnya iman /
_cHamka
260 _aShah Alam :
_bPustaka Dini,
_c2003
300 0 0 _axii, 138ms. ;
_c21cm.
500 _aMengandungi ayat-ayat dari Quran
650 0 _aSufism
_91283
942 _2ddc
_cBOOK